| 000 | 00534nam a2200181Ia 4500 | ||
|---|---|---|---|
| 003 | GCL | ||
| 008 | 140319s9999 xx 000 0 ara d | ||
| 040 |
_aGCL / _cGCL |
||
| 082 | 0 | 4 |
_a813.01 _bا ا |
| 100 | 1 | _aاسامة انور عكاشة | |
| 245 | 1 | 0 |
_aاوراق مسافر / _cاسامة انور عكاشة |
| 300 | _a93 ص | ||
| 490 |
_aوجدانيات _v0 |
||
| 650 | 0 | 4 | _aالقصص القصيرة |
| 650 | 0 | 4 | _aالقصة العربية |
| 650 | 0 | 4 | _aالادب العربى - العصر الحديث |
| 942 |
_2ddc _cBK |
||
| 999 |
_c49365 _d49365 |
||